Product discontinuation in firms

Uložené v:
Podrobná bibliografia
Hlavný autor: Sternhufvud, Ulf
Médium: Kniha
Jazyk:English
Vydavateľské údaje: Berlin Internationales Institut für Management und Verwaltung 1982
Edícia:Discussion Papers IIM/IP 82-30
Tagy: Pridať tag
Žiadne tagy, Buďte prvý, kto otaguje tento záznam!

MARC

LEADER 00000nam a2200000 4500
001 c114481
005 20221207070402.3
041 0 |a eng 
044 |a DE 
245 1 0 |a Product discontinuation in firms  |c Ulf Sternhufvud 
264 1 |a Berlin  |b Internationales Institut für Management und Verwaltung  |c 1982 
300 |a 15 s. 
490 1 |a Discussion Papers  |v IIM/IP 82-30 
830 0 |a Discussion Papers  |v IIM/IP 82-30 
100 1 |a Sternhufvud, Ulf